| 000 | 00820nam a2200265 a 4500 | ||
|---|---|---|---|
| 001 | BRCA_5451 | ||
| 005 | 20190320205102.0 | ||
| 008 | 150110s1913----nyuac#####---#000-0#eng-# | ||
| 041 | _aeng | ||
| 044 | _anyu | ||
| 050 | 4 |
_aND588.H6 _b.W67 2 1913 |
|
| 245 | 1 | 0 | _aThe work of Hans Holbein. |
| 260 |
_aNueva York _bBretano´s _c1913 |
||
| 300 |
_a11 p. _bil., retratos, 228 p. de láminas _c27 cm. |
||
| 440 | 0 |
_aClassics in art series _v14 _913925 |
|
| 500 | _aReproduced in two hundred and fifty two ilustrations with a biographical introduction | ||
| 500 | _aEdición con canto de cabeza dorado | ||
| 500 | _aEjemplar igual a CEF1 | ||
| 500 | _aM36 | ||
| 600 | 1 | 4 |
_aHolbein, Hans _d1497-1543 _910385 |
| 650 | 1 | 4 |
_aPintores alemanes _9797 |
| 650 | 1 | 4 |
_aPinturas alemanas _910386 |
| 902 | _aGFM | ||
| 942 |
_2lcc _cB |
||
| 999 |
_c5145 _d5145 |
||